Normal view MARC view
  • Hafeez, Tahir (320446)

Entry Personal Name

Number of records used in: 1

001 - CONTROL NUMBER

  • control field: 118260

003 - CONTROL NUMBER IDENTIFIER

  • control field: NUST

005 - DATE AND TIME OF LATEST TRANSACTION

  • control field: 20230928105748.0

008 - FIXED-LENGTH DATA ELEMENTS

  • fixed length control field: 230928|| aca||aabn | a|a d

040 ## - CATALOGING SOURCE

  • Original cataloging agency: NUST
  • Transcribing agency: NUST

100 ## - HEADING--PERSONAL NAME

  • Personal name: Hafeez, Tahir (320446)

670 ## - SOURCE DATA FOUND

  • Source citation: Work cat.: (NUST)603227: Hafeez, Tahir (320446), A Study on the Design and Analysis of a Bidirectional IPT System for EV wireless charging by Using Switch-Controlled Capacitor /, 2023
© 2023 Central Library, National University of Sciences and Technology. All Rights Reserved.